00516 2200205 4500001002100000005001500021035002000036007000300056008004100059020002100100082001400121084002000135100002100155245003700176250001100213260003400224300003000258650001000288990001200298INLIS00000000000150120180208024417 a0010-0218000096ta180208 g 0 ind  a978-602-02-78520 a899.221 3 a899.221 3 SWA i0 aSWASMITA, Buwana1 aIN ( DE ) KOS /cSwasmita Buwana acet. 1 aJakarta :bPT Gramedia,c2016 a253 Hlm ;c12,5 x 19,5 cm aNOVEL a16150 B